Marx Brothers - Statistics

General Stats
  • This quiz has been taken 22 times
  • The average score is 5 of 5
Answer Stats
Picture Answer % Correct
Groucho Marx
100%
Harpo Marx
100%
Chico Marx
92%
Zeppo Marx
85%
Gummo Marx
77%
No matching quizzes found
Score Distribution
Percent of People with Each Score
Percentile by Number Answered
Your Score History
You have not taken this quiz